[Event "Koblenz-ch"]
[Site "Koblenz"]
[Date "2000.11.14"]
[Round "6"]
[White "Noll, Hermann Josef"]
[Black "Potap, Leonid"]
[Result "1/2-1/2"]
[WhiteElo "2041"]
[BlackElo "1892"]
[PlyCount "59"]
[EventDate "2000.08.29"]
[EventType "swiss"]
[EventRounds "7"]
[EventCountry "GER"]
[SourceTitle "EXT 2005"]
[Source "ChessBase"]
[SourceDate "2004.11.15"]
[SourceVersion "1"]
[SourceVersionDate "2004.11.15"]
[SourceQuality "1"]

1. e4 c5 2. c3 Nf6 3. e5 Nd5 4. d4 cxd4 5. Qxd4 Nb6 6. Nf3 Nc6 7. Qe4 a6 8. Bf4 d5 9. exd6 e6 10. Nbd2 Bxd6 11. Bxd6 Qxd6 12. Rd1 Qc7 13. Bd3 Nd5 14. 0-0 Nf6 15. Qh4 Bd7 16. Ne4 Nxe4 17. Bxe4 Ne7 18. Rfe1 Bc6 19. Ne5 Rd8 20. Rxd8+ Qxd8 21. Bxc6+ bxc6 22. Qa4 0-0 23. Nxc6 Nxc6 24. Qxc6 Qd2 25. Rf1 Qxb2 26. Qxa6 Qxc3 27. h3 h6 28. Qb7 Rd8 29. Qb3 Qe5 30. Rd1 1/2-1/2

[Event "Koblenz-ch"]
[Site "Koblenz"]
[Date "1999.10.05"]
[Round "3"]
[White "Noll, Hermann Josef"]
[Black "Kunze, Christian"]
[Result "1-0"]
[WhiteElo "2005"]
[BlackElo "1680"]
[PlyCount "81"]
[EventDate "1999.08.31"]
[EventType "swiss"]
[EventRounds "7"]
[EventCountry "GER"]
[SourceTitle "EXT 2005"]
[Source "ChessBase"]
[SourceDate "2004.11.15"]
[SourceVersion "1"]
[SourceVersionDate "2004.11.15"]
[SourceQuality "1"]

1. e4 e5 2. Nf3 Nc6 3. Bb5 f5 4. exf5 e4 5. Qe2 Qe7 6. Bxc6 dxc6 7. Nd4 Nf6 8. Nc3 Qe5 9. Ne6 Bxe6 10. fxe6 0-0-0 11. d3 Bb4 12. Bd2 Rhe8 13. 0-0-0 Qxe6 14. dxe4 Rxd2 15. Qxd2 Bxc3 16. Qxc3 Qxa2 17. b3 Qa3+ 18. Qb2 Qxb2+ 19. Kxb2 Rxe4 20. Rhe1 Rxe1 21. Rxe1 Kd7 22. Kc3 g5 23. Kd4 Kd6 24. f3 a5 25. Re5 h6 26. Rxa5 b6 27. Ra8 c5+ 28. Kc4 c6 29. Rd8+ Nd7 30. Kc3 h5 31. Rg8 g4 32. fxg4 hxg4 33. Rxg4 Ke5 34. Rg6 Nf6 35. Kd3 Kf5 36. Rg7 Nh5 37. Rc7 Nf4+ 38. Kc4 b5+ 39. Kxc5 Ne6+ 40. Kxc6 Nxc7 41. Kxc7 1-0

[Event "Koblenz-ch"]
[Site "Koblenz"]
[Date "1997.11.04"]
[Round "6"]
[White "Noll, Hermann Josef"]
[Black "Meudt, Markus"]
[Result "1/2-1/2"]
[WhiteElo "1963"]
[BlackElo "2016"]
[PlyCount "112"]
[EventDate "1997.09.16"]
[EventType "swiss"]
[EventRounds "7"]
[EventCountry "GER"]
[SourceTitle "EXT 2005"]
[Source "ChessBase"]
[SourceDate "2004.11.15"]
[SourceVersion "1"]
[SourceVersionDate "2004.11.15"]
[SourceQuality "1"]

1. e4 c5 2. c3 g6 3. Nf3 Bg7 4. d4 cxd4 5. cxd4 d5 6. exd5 Nf6 7. Bb5+ Bd7 8. Qb3 Qa5+ 9. Nc3 Bxb5 10. Qxb5+ Qxb5 11. Nxb5 Nxd5 12. Nc3 Nxc3 13. bxc3 0-0 14. Rb1 b6 15. 0-0 e6 16. Be3 Nc6 17. c4 Rfd8 18. Rfd1 Ne7 19. g4 Rac8 20. Rbc1 Rc7 21. Bf4 Rcd7 22. Bg5 f6 23. Be3 h6 24. c5 Nd5 25. cxb6 axb6 26. Rc6 Kf7 27. Nd2 Rd6 28. Rdc1 Ke7 29. Ne4 Rxc6 30. Rxc6 f5 31. gxf5 gxf5 32. Nc3 Nxc3 33. Rxc3 Bxd4 34. Bxd4 Rxd4 35. Rb3 Rd6 36. Rh3 e5 37. Kf1 Kf7 38. Ke2 Kg6 39. Rg3+ Kf6 40. Rb3 Kg5 41. Rg3+ Kf4 42. Rb3 Rc6 43. Rf3+ Ke4 44. Re3+ Kd4 45. Rd3+ Kc4 46. Rd8 b5 47. Rf8 f4 48. Kf3 Ra6 49. Rc8+ Kd3 50. Rc5 b4 51. Rxe5 Rxa2 52. Re6 b3 53. Rxh6 b2 54. Rb6 Kc2 55. Kxf4 b1Q 56. Rxb1 Kxb1 1/2-1/2